000 00286nam a22001217a 4500
020 _a0716735202
100 _aANTHONY J. F. GRIFFITHS
245 _aAN INTRODUCTION TO GENETIC ANALYSIS
250 _aSEVENTH
260 _aU.S.A
_bW.H. FREEMAN
_c2000
300 _a860
_bILL
942 _cBK
999 _c251844
_d251843